000 00264nam a2200109Ia 4500
008 200302s9999 xx 000 0 und d
100 _aJack Bowyer
245 _aThe Evolution of Church Building
260 _bGranada Publishing Ltd.
260 _c1977
300 _a139 P.,
999 _c53
_d53